000 00328nam a2200121Ia 4500
008 230907s9999||||xx |||||||||||||| ||und||
082 _a70.4
_bCRA
100 _aCraig, David A.
_9115953
245 0 _aExcellence in online journalism :
260 _aSAGE,
_bThousand Oaks, Calif. :
_c2011
300 _axii, 179 p. :
942 _cBK
999 _c600433
_d600433